Back roads : (Record no. 356427)
[ view plain ]
| 000 -LEADER | |
|---|---|
| fixed length control field | 00280nam a2200109Ia 4500 |
| 008 - FIXED-LENGTH DATA ELEMENTS--GENERAL INFORMATION | |
| fixed length control field | 180517s9999 xx 000 0 und d |
| 020 ## - INTERNATIONAL STANDARD BOOK NUMBER | |
| International Standard Book Number | 670894184 |
| 100 ## - MAIN ENTRY--PERSONAL NAME | |
| Personal name | Tawni O' Dell |
| 245 ## - TITLE STATEMENT | |
| Title | Back roads : |
| Remainder of title | a novel / |
| 260 ## - PUBLICATION, DISTRIBUTION, ETC. (IMPRINT) | |
| Place of publication, distribution, etc | USA : |
| Name of publisher, distributor, etc | Penguin group |
| Date of publication, distribution, etc | 2000 |
| 300 ## - PHYSICAL DESCRIPTION | |
| Extent | vii, 338 pages |
| Withdrawn status | Lost status | Damaged status | Home library | Current library | Shelving location | Date acquired | Source of acquisition | Total Checkouts | Full call number | Barcode | Date last seen | Price effective from | Koha item type |
|---|---|---|---|---|---|---|---|---|---|---|---|---|---|
| College Library | College Library | Fiction Section | 05/17/2018 | PS 3564.D4 .B33 1999 | C21508 | 05/17/2018 | 05/17/2018 | Books |